LEADER 00990naa a2200217 u 4500 001 000000101916 003 CaOOAMICUS 005 20070226130208.0 008 060322s1999 it u000 u ita u 035 $a11082517 040 $aIAR$bita 100 1 $aTomea, Paolo,$d1945-$0(OLS)http://pul/name/13660 245 10$aSan Giorgio in Crimea :$bPer una nuova edizione del >Liber notitiae sanctorum Mediolani< (con und nota dulla papessa Giovanna) /$cPaolo Tomea. 260 $aMilano :$bVita e pensiero,$c1999. 300 $aS. 423-458 ;$c25 cm 500 $aIAR: FF-85.73 630 04$aLiber notitiae sanctorum Mediolani.$0(OLS)http://pul/subject/32873 730 0 $aAevum$g[Spogli].$0(OLS)http://pul/title/11692 773 0 $tAevum$g73 (1999)$w()8026 996 $6245$aSan Giorgio in Crimea :$bPer una nuova edizione del >Liber notitiae sanctorum Mediolani< (con und nota dulla papessa Giovanna)$9(OLS)http://pul/title/128823 996 $6260$aMilano :$bVita e pensiero$9(OLS)http://pul/publisher/48016 LEADER 01662namaa2200325 i 4500 001 000000178006 003 CaOOAMICUS 005 20250826130228.0 008 250826s2025 it m 000 u ita r 032 $aLibriCat 040 $aPUL$bita 084 $a264 100 1 $aAlbano, Giuliana,$d1980-,$eautore dissertazione.$0(OLS)http://pul/name/114536 245 12$aL'actio liturgica della Chiesa nell'arte :$bil caso della chiesa di Santa Maria del Purgatorio ad Arco e il culto delle anime del Purgatorio nella Napoli del Seicento /$cGiuliana Albano. 260 $aNapoli :$b[s.n.],$c2025. 300 $a255 pagine ; $b$c23 cm 336 $atesto$btxt$2rdacontent 337 $asenza mediazione$an$2rdamedia 338 $avolume$bnc$2rdacarrier 502 $aEstratto da tesi di dottorato in Teologia fondamentale-- Pontificia Facoltà Teologica dell'Italia meridionale, sezione San Luigi, Napoli 2025. 504 $aBibliografia: pagine [191]-252. 650 4$aLiturgia$xStudi.$0(OLS)http://pul/subject/13193 710 2 $aPontificia facoltà teologica dell'Italia meridionale.$bSezione S. Luigi.$kTesi.$0(OLS)http://pul/name/82381 850 $aPUL 852 $aPUL$W1$xDP1 Tesi Fac. It.Meridionale$y35$m2025 B 2$j201620$qTesi$B206993$CPULBib$Z2$F206993 $82 941 1 $a16 996 $6084$a264$9(OLS)http://pul/classification/3616 996 $6245$aL'actio liturgica della Chiesa nell'arte :$bil caso della chiesa di Santa Maria del Purgatorio ad Arco e il culto delle anime del Purgatorio nella Napoli del Seicento$9(OLS)http://pul/title/219567 996 $6260$aNapoli :$b[s.n.]$9(OLS)http://pul/publisher/51260